[Event "4th Gideon Japhet Mem Cup"]
[Site "Jerusalem ISR"]
[Date "2018.07.02"]
[Round "2.3"]
[White "Gelfand, Boris"]
[Black "Meier, Georg"]
[Result "1/2-1/2"]
[WhiteTitle "GM"]
[BlackTitle "GM"]
[WhiteElo "2703"]
[BlackElo "2628"]
[WhiteFideId "2805677"]
[BlackFideId "4675789"]
[EventDate "2018.07.02"]

1. d4 Nf6 2. c4 e6 3. Nf3 d5 4. g3 Bb4+ 5. Bd2 Be7 6. Bg2 O-O 7. O-O c6 8. Qc2
Nbd7 9. Rc1 a5 10. Bg5 h6 11. Bf4 Nh5 12. e3 g5 13. Be5 Ng7 14. g4 Nxe5 15. Nxe5
Bd6 16. Nd2 f6 17. Nd3 f5 18. h3 h5 19. Ne5 Bxe5 20. dxe5 fxg4 21. hxg4 hxg4 22.
Nf1 Nf5 23. Nh2 g3 24. fxg3 Kg7 25. Ng4 Nxg3 26. Nf6 Rh8 27. Kf2 Nh5 28. Nxh5+
Rxh5 29. Rh1 Qf8+ 30. Bf3 Rxh1 31. Rxh1 Qf5 32. Qxf5 exf5 33. cxd5 cxd5 34. Bxd5
Bd7 35. Rd1 Rc8 36. Bb3 Be8 37. Rd2 Rc5 38. Bd5 Bc6 39. Bxc6 bxc6 40. Rd7+ Kg6
41. Rd6+ Kg7 42. Rd7+ Kg6 43. Rd6+ Kf7 44. Rf6+ Ke7 45. Rxf5 Rc2+ 46. Kf3 Rxb2
47. Rxg5 Rxa2 48. Ke4 a4 1/2-1/2

[Event "4th Gideon Japhet Mem Cup"]
[Site "Jerusalem ISR"]
[Date "2018.07.03"]
[Round "3.1"]
[White "Nepomniachtchi, Ian"]
[Black "Gelfand, Boris"]
[Result "1-0"]
[WhiteTitle "GM"]
[BlackTitle "GM"]
[WhiteElo "2757"]
[BlackElo "2703"]
[WhiteFideId "4168119"]
[BlackFideId "2805677"]
[EventDate "2018.07.02"]

1. e4 c5 2. Nf3 Nc6 3. Bb5 g6 4. O-O Bg7 5. Nc3 d6 6. Re1 Bd7 7. a4 Nf6 8. d3
O-O 9. Bg5 h6 10. Bh4 g5 11. Bg3 Nh5 12. Ne5 Nxe5 13. Bxe5 Bxe5 14. Qxh5 Kh7 15.
Nd1 e6 16. c3 Bxb5 17. axb5 Qd7 18. Ne3 f5 19. exf5 exf5 20. Nd5 Rae8 21. g3 Bg7
22. h4 Re5 23. c4 Qf7 24. Qxf7 Rxe1+ 25. Rxe1 Rxf7 26. hxg5 hxg5 27. b3 f4 28.
gxf4 gxf4 29. Kg2 f3+ 30. Kg3 Be5+ 31. Kg4 a5 32. Rh1+ Kg8 33. Rh3 Rg7+ 34. Kf5
Rg1 35. Rxf3 Rb1 36. d4 Bxd4 37. Ke6 Kg7 38. Kd7 Ra1 39. Kc7 a4 40. bxa4 Rxa4
41. Kxb7 Rxc4 42. b6 Rc2 43. Kc7 c4 44. b7 1-0

[Event "4th Gideon Japhet Mem Cup"]
[Site "Jerusalem ISR"]
[Date "2018.07.03"]
[Round "4.1"]
[White "Gelfand, Boris"]
[Black "Nepomniachtchi, Ian"]
[Result "1/2-1/2"]
[WhiteTitle "GM"]
[BlackTitle "GM"]
[WhiteElo "2703"]
[BlackElo "2757"]
[WhiteFideId "2805677"]
[BlackFideId "4168119"]
[EventDate "2018.07.02"]

1. Nf3 d5 2. d4 Bf5 3. c4 e6 4. Nc3 Nf6 5. Nh4 Bb4 6. cxd5 Qxd5 7. e3 O-O 8. Be2
Ne4 9. Bd2 Bxc3 10. Bxc3 Nxc3 11. bxc3 Be4 12. O-O Qa5 13. Qb3 Nd7 14. Nf3 c5
15. a4 Rac8 16. Rfc1 Qc7 17. Nd2 Bc6 18. a5 Rfd8 19. Qa3 e5 20. Nb3 Be4 21. Nd2
Bc6 22. Nb3 Be4 23. Nd2 1/2-1/2

[Event "4th Gideon Japhet Mem Cup"]
[Site "Jerusalem ISR"]
[Date "2018.07.04"]
[Round "5.1"]
[White "Muzychuk, Anna"]
[Black "Nepomniachtchi, Ian"]
[Result "1/2-1/2"]
[WhiteTitle "GM"]
[BlackTitle "GM"]
[WhiteElo "2564"]
[BlackElo "2757"]
[WhiteFideId "14111330"]
[BlackFideId "4168119"]
[EventDate "2018.07.02"]

1. e4 c5 2. Nf3 d6 3. Bb5+ Nd7 4. O-O a6 5. Bd3 Ngf6 6. c3 g6 7. Bc2 Bg7 8. d4
O-O 9. a4 b6 10. Re1 e5 11. dxe5 Nxe5 12. Nxe5 dxe5 13. Qxd8 Rxd8 14. c4 Be6 15.
b3 b5 16. axb5 axb5 17. Rxa8 Rxa8 18. cxb5 Bf8 19. Na3 Nd7 20. Bb2 f6 21. Rd1
Nb6 22. h3 Rb8 23. Rd3 Kg7 24. Rc3 Nc8 25. Bc1 Na7 26. Bd3 Bd7 27. b4 Bxb5 28.
Nxb5 Nxb5 29. Bxb5 Rxb5 30. bxc5 Bxc5 31. Be3 1/2-1/2

[Event "4th Gideon Japhet Mem Cup"]
[Site "Jerusalem ISR"]
[Date "2018.07.04"]
[Round "6.1"]
[White "Nepomniachtchi, Ian"]
[Black "Muzychuk, Anna"]
[Result "1/2-1/2"]
[WhiteTitle "GM"]
[BlackTitle "GM"]
[WhiteElo "2757"]
[BlackElo "2564"]
[WhiteFideId "4168119"]
[BlackFideId "14111330"]
[EventDate "2018.07.02"]

1. Nf3 d5 2. e3 Nf6 3. c4 c6 4. Nc3 e6 5. b3 Bd6 6. Bb2 O-O 7. Be2 Nbd7 8. Qc2
b6 9. Rg1 Bb7 10. g4 Qe7 11. g5 Ne8 12. h4 Rc8 13. h5 Ba3 14. Bxa3 Qxa3 15. cxd5
cxd5 16. Bb5 Qe7 17. Qb2 Nd6 18. Bxd7 Qxd7 19. h6 Nf5 20. Ne2 g6 21. Ng3 f6 22.
gxf6 Qf7 23. Nh5 d4 24. Nxd4 Nxh6 25. f4 Rc5 26. Rg5 Nf5 27. Nxf5 exf5 28. Rc1
Rfc8 29. Rxc5 Rxc5 30. b4 Rc8 31. Ng3 Qd5 32. Ne2 Kf7 33. Rg1 Qd6 34. Nd4 Bd5
35. Nxf5 Qxf6 36. Nh6+ Kg7 37. Qxf6+ Kxf6 38. Ng4+ Kf5 39. Ke2 Bxa2 40. Ne5 Bd5
41. Rg5+ Ke6 42. Ng4 Rc2 43. e4 Bc4+ 44. Ke3 Rb2 45. Kd4 Rxb4 46. Kc3 Ra4 47. d4
Be2 48. Ne5 a5 49. f5+ gxf5 50. Rxf5 b5 51. d5+ Kd6 52. Nf7+ Ke7 53. d6+ Kd7 54.
Re5 Bg4 55. Re7+ Kc6 56. e5 Rc4+ 57. Kb2 Kd5 58. d7 Bxd7 59. Rxd7+ Ke6 60. Rb7
Rf4 61. Ng5+ Kxe5 62. Rxb5+ Kf6 63. Nxh7+ Kg6 1/2-1/2

[Event "4th Gideon Japhet Mem Cup"]
[Site "Jerusalem ISR"]
[Date "2018.07.06"]
[Round "9.1"]
[White "Meier, Georg"]
[Black "Nepomniachtchi, Ian"]
[Result "0-1"]
[WhiteTitle "GM"]
[BlackTitle "GM"]
[WhiteElo "2628"]
[BlackElo "2757"]
[WhiteFideId "4675789"]
[BlackFideId "4168119"]
[EventDate "2018.07.02"]

1. Nf3 d5 2. g3 g6 3. Bg2 Bg7 4. d4 c6 5. O-O Nf6 6. c3 O-O 7. Re1 Nbd7 8. Bf4
Nh5 9. Be3 Re8 10. Nbd2 e5 11. dxe5 Nxe5 12. Nxe5 Bxe5 13. Qb3 Qc7 14. c4 d4 15.
Bh6 Bh8 16. c5 Be6 17. Qa3 Qd7 18. Ne4 Bd5 19. Nd6 Bxg2 20. Kxg2 Re5 21. e4 dxe3
22. Rxe3 Rxe3 23. Qxe3 Nf6 24. Qf3 Nd5 25. Rd1 b6 26. Rxd5 cxd5 27. Qxd5 Rd8 28.
b4 bxc5 29. bxc5 Qe6 30. Qxe6 fxe6 31. Bf4 Bd4 32. Nb7 Rc8 33. Bd6 Kf7 34. f4
Ke8 35. Kf3 Kd7 36. Ke4 Bg1 37. h3 Rc6 38. Ke5 Ra6 39. Bf8 Rxa2 40. Kf6 Rb2 41.
c6+ Kxc6 42. Nd8+ Kd7 0-1

[Event "4th Gideon Japhet Mem Cup"]
[Site "Jerusalem ISR"]
[Date "2018.07.06"]
[Round "10.1"]
[White "Nepomniachtchi, Ian"]
[Black "Meier, Georg"]
[Result "1/2-1/2"]
[WhiteTitle "GM"]
[BlackTitle "GM"]
[WhiteElo "2757"]
[BlackElo "2628"]
[WhiteFideId "4168119"]
[BlackFideId "4675789"]
[EventDate "2018.07.02"]

1. e4 e6 2. d4 d5 3. exd5 exd5 4. Nf3 Nf6 5. Bd3 Bd6 6. O-O O-O 7. Bg5 Bg4 8.
Nbd2 Nbd7 9. c3 c6 10. Qc2 h6 11. Bh4 Qc7 12. Rae1 Bxf3 13. Nxf3 Rfe8 14. Bg3
Bxg3 15. hxg3 Kf8 16. Bf5 1/2-1/2